000 00298nam a22001337a 4500
008 181105b xxu||||| |||| 00| 0 eng d
020 _a9780070363830
041 _aeng
080 _25th
_a371
100 _a46
101 _aEDU
245 _aReading and Study Skills
_cLangan,J
942 _2udc
_cBK
999 _c51830
_d51830